BIBLIOTECA

SENCICO

Introducción al análisis de riesgos / (Registro nro. 306)

Detalles MARC
000 -LEADER
fixed length control field 01838nam a2200253Ia 4500
003 - CONTROL NUMBER IDENTIFIER
control field PE SENCICO BE
005 - DATE AND TIME OF LATEST TRANSACTION
control field 20251020182433.0
008 - FIXED-LENGTH DATA ELEMENTS--GENERAL INFORMATION
fixed length control field 200515s9999 xx 000 0 und d
020 ## - INTERNATIONAL STANDARD BOOK NUMBER
International Standard Book Number 968-18-6153-1
040 ## - CATALOGING SOURCE
Original cataloging agency PE SENCICO BE
Transcribing agency PE SENCICO BE
041 ## - LANGUAGE CODE
Language code of text/sound track or separate title spa
082 ## - DEWEY DECIMAL CLASSIFICATION NUMBER
Classification number 368
Item number M26
100 1# - MAIN ENTRY--PERSONAL NAME
Personal name Martínez Ponce de León, Jesús G.
9 (RLIN) 2644
Relator term autor
245 10 - TITLE STATEMENT
Title Introducción al análisis de riesgos /
Statement of responsibility, etc. Jesús G. Martínez Ponce de León
250 ## - EDITION STATEMENT
Edition statement 1a ed.
260 ## - PUBLICATION, DISTRIBUTION, ETC.
Place of publication, distribution, etc. México, D.F. :
Name of publisher, distributor, etc. Limusa ;
-- Noriega editores ;
Date of publication, distribution, etc. 2001
300 ## - PHYSICAL DESCRIPTION
Extent 218 p. :
Other physical details tbl., graf. ;
Dimensions 23 cm.
505 0# - FORMATTED CONTENTS NOTE
Formatted contents note Introducción al análisis de riesgos -- Los análisis de riesgo (marco teórico) -- Método de encuesta-auditoría o definición del elemento esencial de análisis -- Metodología general para los análisis de riesgo -- Propuesta metodológica. Metodología general para los análisis de riesgo (MEGAR): casos prácticos -- Entorno normativo -- Acciones de emergencia o contingencia (algunas guías de acción) -- Glosario de términos y abreviaturas usados en las etiquetas de las MSDS (hojas de seguridad de producción de sustancias) -- Guía para la elaboración de un manual de prevención de riesgos.
520 3# - SUMMARY, ETC.
Summary, etc. La obra contiene una propuesta metodológica para simplificar su aplicación en los diferentes campos de interés donde se requiere la realización de este tipo de ejercicios, una visión general de los diversos métodos de análisis de riesgos y la explicación del entorno normativo nacional e internacional que regula esta disciplina. Asimismo se anexan ejercicios de casos prácticos y algunos consejos para aplicar en casos de contingencias o emergencias.
650 10 - SUBJECT ADDED ENTRY--TOPICAL TERM
Topical term or geographic name entry element Evaluación de riesgos
9 (RLIN) 92
650 20 - SUBJECT ADDED ENTRY--TOPICAL TERM
Topical term or geographic name entry element Seguridad industrial
9 (RLIN) 96
650 20 - SUBJECT ADDED ENTRY--TOPICAL TERM
Topical term or geographic name entry element Prevención de accidentes
9 (RLIN) 100
942 ## - ADDED ENTRY ELEMENTS (KOHA)
Koha item type Libros
Source of classification or shelving scheme Dewey Decimal Classification
Existencias
Fecha de la última vez que lo usaron Número de ingreso o de inventario Pago total Signatura topográfica completa Código de barras Precio efectivo desde Tipo de documento Estado perdido Sistema de clasificación Estado dañado No es para préstamo Retirado Ubicación permanente Ubicación actual Fecha de adquisición
15/05/2020 13235   368/M26 BibLima24100044 15/05/2020 Libros   Dewey Decimal Classification       Biblioteca Central Lima Biblioteca Central Lima 15/05/2020